LEADER 01067nam a2200265 a 4500 001 000000040211 003 CaOOAMICUS 005 20130619113420.0 008 980525s1937 it u000 u ita r 035 $a10796043 040 $aPUL(R)$bita 100 1 $aStolfi, Mario.$0(OLS)http://pul/name/29709 245 12$aL'assicurazione sulla vita a favore di terzi /$cMario Stolfi. 260 $aMilano :$bGiuffrè,$c1937. 300 $a196 p. ;$c25 cm 490 1 $aSaggi di diritto commerciale 504 $aBibliografia in nota. 650 0$aAssistenza e previdenza sociale.$2//eng$0(OLS)http://pul/subject/18308 830 0$aSaggi di diritto commerciale.$0(OLS)http://pul/title/53172 850 $aPUL 852 $aPUL$W1$xDP2 Diritto e Scienze Sociali 1$y65$m173 H 7$j54657$nBK-PRI$qStampati$B54657$CPULBib$Z2$F54657 $82 941 1 $a8 961 $aTimbri: Bibliotheca P. Athenaeum Seminarii Rom. 996 $6245$aL'assicurazione sulla vita a favore di terzi$9(OLS)http://pul/title/54312 996 $6260$aMilano :$bGiuffrè$9(OLS)http://pul/publisher/48401 LEADER 01191nam a2200289 u 4500 001 000000056804 003 CaOOAMICUS 005 20070226120520.0 008 010420s1976 it u000 u ita u 035 $a10886126 040 $aPUL(R)$bita 100 1 $aSubilia, Vittorio,$d1911-1988.$0(OLS)http://pul/name/5733 245 10$aPresenza e assenza di Dio nella coscienza moderna /$cVittorio Subilia. 260 $aTorino :$bClaudiana,$cc1976. 300 $a123 p. ;$c24 cm 490 1 $aCollana della Facoltà valdese di teologia ;$v13 500 $aContiene indice. 504 $aBibliografia in nota. 600 14$aBarth, Karl,$d1886-1968.$0(OLS)http://pul/subject/5620 650 4$aEcumenismo.$0(OLS)http://pul/subject/995 830 0$aCollana della Facoltà valdese di teologia ;$v13.$0(OLS)http://pul/title/499 850 $aPUL 852 $aPUL$W1$xSL Religione 1$y3$m64 G 28$j74442$nBK-PRI$b $qStampati$B74442$CPULBib$Z2$F74442 $H $81 941 1 $a8 961 $aINV: 43139 996 $6245$aPresenza e assenza di Dio nella coscienza moderna$9(OLS)http://pul/title/75991 996 $6260$aTorino :$bClaudiana$9(OLS)http://pul/publisher/48072